|
|
|
|
| LEADER |
01007nam a2200265 u 4500 |
| 001 |
10026322 |
| 003 |
GR-PaULI |
| 005 |
20241108063353.0 |
| 008 |
961003s1966 ge eng |
| 952 |
|
|
|0 0
|1 0
|2 ddc
|4 0
|6 Π_Σ_515_530000000000000_MUL
|7 0
|8 NFIC
|9 196468
|a LISP
|b LISP
|c REF
|d 2016-04-24
|i 124514
|l 0
|o Π/Σ 515.53 MUL
|p 025000043648
|r 2016-04-24 00:00:00
|t 1
|v 2016.00
|w 2016-04-24
|y BK15
|
| 999 |
|
|
|c 120531
|d 120531
|
| 040 |
|
|
|a GR-PaULI
|c GR-PaULI
|b gre
|e AACR2
|
| 041 |
0 |
|
|a eng
|
| 082 |
|
|
|2 23
|a 515.53
|
| 100 |
|
|
|a Muller, Claus
|9 136599
|e συγγραφέας.
|
| 245 |
1 |
0 |
|a Spherical harmonics /
|c Claus Muller.
|
| 260 |
|
|
|a Berlin :
|b Springer Verlag,
|c 1966.
|
| 300 |
|
|
|a 45 σ. ;
|c 28 εκ.
|
| 490 |
1 |
|
|a Lecture notes in mathematics
|v 17.
|
| 504 |
|
|
|a Περιλαμβάνει βιβλιογραφία.
|
| 505 |
1 |
|
|a
|
| 650 |
|
4 |
|9 129
|a Μαθηματική ανάλυση
|
| 830 |
|
0 |
|a Lecture notes in mathematics (Springer-Verlag)
|v 17.
|9 161263
|
| 942 |
|
|
|2 ddc
|c BKN
|
| 998 |
|
|
|c ΜΠΟΥΡΑΣ
|d 2019-01
|